000 00927nas a2200289 4500
001 BR2018001046
003 BR-BrBNA
005 20231205131329.0
007 ta
008 230509b bl.|||p| |||| 00| 00por d
040 _aBR-BrBNA
_bpor
_cBiblioteca Nacional de Agricultura
041 _a(En)
072 _aH10
100 1 _aQueiroz, D.L. de
100 1 _aTavares, W. de S.
100 1 _aAraujo, C.R. de
100 1 _aBurckhardt, D.
245 1 _aNew country, Brazilian states and host records of the eucalypt shoot psyllid Blastopsylla occidentalis
650 _aFLORESTA
650 _aEUCALIPTO
650 _aPRAGA DE PLANTA
650 _aINSETO
773 0 _tPesquisa Florestal Brasileira (Brazil)
_xISSN 1983-2605
_g(2018), v. 38 p. 1-4
_wBR2018001046
856 4 0 _uhttps://pfb.cnpf.embrapa.br/pfb/index.php/pfb/article/view/1533/661
909 _a202311
_bLúcia
_c55
_dLúcia Elande
942 _2AGRIS
_n0
_cANA
999 _c254222
_d254222